Paroles - Sasso - J'picole - Statistiques

Statistiques générales
  • Ce quiz a été pris 83 fois
  • Le résultat moyen est 196 sur 390
Statistiques - réponses
Hint Réponse % Correct
de
86%
a
83%
à
83%
À
83%
dans
81%
Dans
81%
pas
81%
Pas
81%
la
80%
c'est
76%
sa
76%
vie
76%
y
76%
Il
73%
Y'a
73%
chacun
71%
ma
71%
m'a
71%
merde
69%
J'picole
68%
j'suis
68%
J'suis
68%
ses
68%
chez
66%
faut
66%
Faut
66%
lui
66%
rentre
66%
tard
66%
J'ai
64%
j'ai
64%
le
63%
Moi
63%
moi
63%
potos
63%
s'fait
63%
tu
63%
Tu
63%
connais
61%
et
61%
Refrain Et
61%
ennuis
59%
allemand
58%
ça
58%
j'vais
58%
potion
58%
rien
58%
bolide
56%
devin
56%
sous
56%
tout
56%
d'la
53%
du
53%
rentrer
53%
des
51%
khali
51%
m'faut
51%
rap
51%
un
51%
khalass
49%
mission
49%
mais
47%
Mais
47%
On
47%
on
47%
Clio
46%
comment
46%
j'pilote
46%
n'importe
46%
l'biberon
44%
Déchiré
42%
fait
42%
mourir
42%
qu'le
42%
appels
41%
l'heure
41%
manqués
41%
même
41%
mes
41%
qu'j'picole
41%
sport
41%
69
39%
deux
39%
galéré
39%
kamas
39%
les
39%
peut
39%
qu'j'accomplisse
39%
avec
37%
d'chauffage
37%
devant
37%
n'a
37%
2-20
36%
claqué
36%
demain
36%
d'vraies
36%
gros
36%
khaliss
36%
mains
36%
qu'j'm'isole
36%
sud
36%
textes
36%
100
34%
20
34%
barreaux
34%
derriere
34%
Eux
34%
J'ecris
34%
l'studio
34%
Mango
34%
Mode
34%
Navo
34%
niveau
34%
Absolut
32%
aime
32%
Khabat
32%
l'même
32%
nous
32%
sais
32%
s'dit
32%
bénef
31%
elle
31%
grammes
31%
j'coupais
31%
j'me
31%
Souriant
31%
ZUP
31%
bien
29%
j'allais
29%
L'Allemand
29%
peur
29%
semaine
29%
solo
29%
toute
29%
trahi
29%
trop
29%
demande
27%
Une
27%
Djalil
25%
d'soucis
25%
Ilyes
25%
J'l'aurais
25%
J'prenais
25%
l'navire
25%
Porto
25%
pose
25%
qu'j'ai
25%
Rico
25%
s'taille
25%
sur
25%
vient
25%
j'fais
24%
nuit
24%
questions
24%
remplie
24%
stup
24%
vois
24%
zoné
24%
dedans
22%
dormi
22%
Quand
22%
foumasse
20%
l'école
20%
qu'on
20%
voulait
20%
aimée
19%
courir
19%
d'bouche
19%
deja
19%
j'pense
19%
J'touche
19%
l'envers
19%
marcher
19%
nourrir
19%
SACEM
19%
sales
19%
savait
19%
t'allais
19%
vitesse
19%
d'ennuies
17%
encore
17%
j'espère
17%
locos
17%
Moh
17%
priorités
17%
tess
17%
Vatos
17%
belle
15%
j'détaillais
15%
j'pourrai
15%
l'sous-sol
15%
réussir
15%
Non
14%
j't'avoue
12%
nos
12%
t'acheter
12%
j'm'y
10%
sique
8%
têtes
8%
Yanzo
5%
La-la-la-la-la-la
2%
Aucun quiz correspondant
Distribution des résultats
% des personnes avec chaque résultat
Percentile par nombre de réponses
Votre historique - résultats
Vous n’avez pas pris ce quiz